| 000 | 00858nas a2200277 4500 | ||
|---|---|---|---|
| 001 | BR9704668 | ||
| 003 | BR-BrBNA | ||
| 005 | 20231205100540.0 | ||
| 007 | ta | ||
| 008 | 230509b bl.|||p| |||| 00| 00por d | ||
| 040 |
_aBR-BrBNA _bpor _cBiblioteca Nacional de Agricultura |
||
| 041 | _a(Pt) | ||
| 072 | _aQ02; Q04 | ||
| 100 | 1 | _aOliveira, D.R. | |
| 100 | 1 | _aWang, S. | |
| 100 | 1 | _aSgarbieri, V.C. | |
| 245 | 1 | _aPropriedades nutricionais e sensoriais de biscoitos a base de milho e soja, cozidos em forno de microondas | |
| 650 | _aBiscoito | ||
| 650 | _aValor Nutritivo | ||
| 650 | _aValor Calorico | ||
| 650 | _aForno de Microondas | ||
| 650 | _aCoccao | ||
| 773 | 0 |
_tPesquisa Agropecuaria Brasileira (Brazil) _xISSN 0100-204X _g(Mar 1997), v. 32(3) p. 333-338 _wBR9704668 |
|
| 909 |
_a202311 _bLúcia _c55 _dLúcia Elande |
||
| 942 |
_2AGRIS _n0 _cANA |
||
| 999 |
_c156620 _d156620 |
||